Dans quelle région est produit ce vin ? - Statistiques

Statistiques générales
  • Ce quiz a été pris 725 fois
  • Le résultat moyen est 51 sur 70
Statistiques - réponses
Vin Région % Correct
Beaune Bourgogne
91%
Chablis Bourgogne
91%
Chambertin Bourgogne
91%
Fixin Bourgogne
91%
Gevrey-Chambertin Bourgogne
91%
Givry Bourgogne
91%
Mâcon Bourgogne
91%
Mercurey Bourgogne
91%
Pouilly-Fuissé Bourgogne
91%
Romanée-Conti Bourgogne
91%
Saint-Véran Bourgogne
91%
Volnay Bourgogne
91%
Vougeot Bourgogne
91%
Gewurztraminer Alsace
84%
Riesling Alsace
84%
Sylvaner Alsace
84%
Bourgueil Loire
82%
Chinon Loire
82%
Muscadet Loire
82%
Pouilly-Fumé Loire
82%
Saumur-Champigny Loire
82%
Condrieu Rhône
81%
Côte-Rôtie Rhône
81%
Gigondas Rhône
81%
Hermitage Rhône
81%
Saint-Joseph Rhône
81%
Tavel Rhône
81%
Arbois Jura
77%
Château-Chalon Jura
77%
Etoile Jura
77%
Bandol Provence
77%
Cassis Provence
77%
Calvi Corse
75%
Figari Corse
75%
Patrimonio Corse
75%
Brouilly Beaujolais
71%
Chirouble Beaujolais
71%
Juliénas Beaujolais
71%
Morgon Beaujolais
71%
Saint-Amour Beaujolais
71%
Cabardès Languedoc
69%
Corbières Languedoc
69%
Fitou Languedoc
69%
Minervois Languedoc
69%
Saint-Chinian Languedoc
69%
Blaye Bordelais
68%
Loupiac Bordelais
68%
Margaux Bordelais
68%
Pauillac Bordelais
68%
Pomerol Bordelais
68%
Saint-Emilion Bordelais
68%
Saint-Estèphe Bordelais
68%
Sainte-Croix-du-Mont Bordelais
68%
Sauterne Bordelais
68%
Apremont Savoie
67%
Montmélian Savoie
67%
Ripaille Savoie
67%
Seyssel Savoie
67%
Bergerac Sud-ouest
56%
Buzet Sud-ouest
56%
Fronton Sud-ouest
56%
Gaillac Sud-ouest
56%
Irouléguy Sud-ouest
56%
Jurançon Sud-ouest
56%
Montbazillac Sud-ouest
56%
Rosé-des-Riceys Champagne
51%
Banyuls Roussillon
51%
Maury Roussillon
51%
Rivesaltes Roussillon
51%
Saint-Pourçain Auvergne
30%
Aucun quiz correspondant
Distribution des résultats
% des personnes avec chaque résultat
Percentile par nombre de réponses
Votre historique - résultats
Vous n’avez pas pris ce quiz